000
00247nam a2200097Ia 4500
001
988884
005
20250826221146.0
008
250824s9999 xx 000 0 und d
245
0
_a
HAYVANLARIN ABC'Sİ
_c
BİLGİN ADALI
260
_b
HEP KİTAP YAYINLARI
999
_c
988884
_d
988884